| 000 | 00712nam a2200205 a 4500 | ||
|---|---|---|---|
| 001 | BRCA_1759 | ||
| 005 | 20190320203534.0 | ||
| 008 | 970812s1996 mx-a---##c---s000-0#spa-d | ||
| 020 | _a9686271988 | ||
| 040 |
_aIQU _cIQU _dDLC |
||
| 050 | 4 |
_aNB256 _b.C36 1996 |
|
| 245 | 1 | 0 | _aLos caminos de la forma y del volumen. |
| 260 |
_aVeracruz, México _bGobierno del Estado de Veracruz : Instituto Veracruzano de Cultura _c1996 |
||
| 300 |
_axiv, 123 p. _bil. a color _c31 cm. |
||
| 500 | _aColección Sonia Corcuera de Mancera | ||
| 650 | 1 | 4 |
_aEscultura mexicana _vCatálogos _ySiglo XX _zMéxico _95487 |
| 650 | 1 | 4 |
_aEscultura de cerámica mexicana _vCatálogos _ySiglo XX _zMéxico _95488 |
| 902 | _aDSC | ||
| 942 |
_2lcc _cB |
||
| 999 |
_c1542 _d1542 |
||